[Event "CRO-Cup"]
[Site "Pula"]
[Date "1997.??.??"]
[Round "?"]
[White "Podobnik, Marijan"]
[Black "Petrov, Jole"]
[Result "0-1"]
[WhiteElo "2290"]
[BlackElo "2365"]

1.e4 d6 2.d4 Nf6 3.Nc3 Nbd7 4.Nf3 e5 5.Bc4 Be7 6.O-O O-O 7.h3 c6 8.a4 b6
9.Re1 Bb7 10.dxe5 dxe5 11.Bg5 a6 12.Bxf6 Bxf6 13.Re2 Qc7 14.Rd2 Rad8 15.Qe2 b5
16.Ba2 Nc5 17.b4 Nxa4 18.Nxa4 bxa4 19.Bc4 c5 20.Rxd8 Rxd8 21.Rxa4 cxb4 22.Rxb4 a5
23.Ra4 Be7 24.Bb3 h6 25.Qc4 Bc5 26.Ra1 Rc8 27.Qe2 Bb4 28.Rd1 Bc3 29.Qd3 Qe7
30.Qe2 Rc7 31.Qd3 g6 32.h4 Kg7 33.h5 g5 34.Nh2 Bc8 35.Qe2 Bd4 36.Qf3 Qc5
37.Nf1 Qc6 38.Ng3 a4 39.Bd5 Qxc2 40.Rf1 Qc3 41.Qe2 Qc2 42.Qb5 a3 43.Qb8 a2
44.Bxa2 Rc3 45.Bb1 Qd2 46.Nf5+ Bxf5 47.exf5 Rc1 48.f6+ Kxf6  0-1

[Event "EU-chT (Women)"]
[Site "Pula"]
[Date "1997.??.??"]
[Round "1"]
[White "Paraminski, Albina"]
[Black "Velikhanli, Firuza"]
[Result "1/2-1/2"]
[WhiteElo "2170"]
[BlackElo "2350"]

1.e4 d6 2.d4 Nf6 3.Nc3 c6 4.Nf3 Bg4 5.Be2 e6 6.O-O Be7 7.a4 d5 8.exd5 Bxf3
9.Bxf3 cxd5 10.Bf4 Nc6 11.Ne2 O-O 12.c3 Na5 13.Nc1 Rc8 14.Qe2 Nc4 15.Nd3 Qb6
16.Rfb1 Rfe8 17.Ne5 Nxe5 18.Bxe5 Nd7 19.Bg3 Bd6 20.Qb5 Bxg3 21.hxg3 Qc7 22.a5 a6
23.Qd3 Nb8 24.Bd1 Nc6 25.Ba4 Re7 26.Bxc6 Qxc6 27.Re1 Qd7 28.Re2 Rc4 29.f4 Qb5
30.Qd2 Rec7 31.Rae1 h6 32.f5 exf5 33.Qf4 Qd7 34.Re8+ Kh7 35.R1e7 Qxe7 36.Rxe7 Rxe7
37.Qxf5+ g6 38.Qxd5 Ra4 39.b4 Ra1+ 40.Kf2 Rae1 41.Qf3 Kg7 42.d5 R1e5 43.g4 h5
44.c4 hxg4 45.Qxg4 Rf5+ 46.Kg1 Re1+ 47.Kh2 f6 48.Qd4 Rh5+ 49.Kg3 Rf1 50.d6 Rg5+
51.Kh2 Rh5+ 52.Kg3 Rg5+ 53.Kh2  1/2-1/2

[Event "Pula op"]
[Site "Pula"]
[Date "1997.??.??"]
[Round "2"]
[White "Shaked, Tal"]
[Black "Ionescu Brandis, Irina"]
[Result "1-0"]
[WhiteElo "2445"]
[BlackElo "2230"]

1.e4 d6 2.d4 Nf6 3.Nc3 e5 4.dxe5 dxe5 5.Qxd8+ Kxd8 6.Bc4 Be6 7.Bxe6 fxe6
8.f3 Nc6 9.Be3 Bd6 10.Nb5 Ke7 11.O-O-O a6 12.Nxd6 cxd6 13.Nh3 Rac8 14.Kb1 Na5
15.Nf2 b5 16.Nd3 Nc4 17.Bc1 a5 18.b3 Nb6 19.Bd2 Ra8 20.Rhe1 Rhe8 21.f4 Nbd7
22.fxe5 Nxe5 23.Nxe5 dxe5 24.Kb2 Red8 25.Bc3 Rxd1 26.Rxd1 Nxe4 27.Bxe5 Nf6
28.Rd3 g6 29.Bd6+ Ke8 30.Rf3 Nd7 31.Rc3 Ra6 32.Bg3 e5 33.Rc7 b4 34.a3 bxa3+
35.Kxa3 e4 36.Rc4 Re6 37.Kb2 Nb6 38.Rd4 Kf7 39.Kc1 Kf6 40.Kd2 Kf5 41.Bc7 Rc6
42.Bxb6 Rxb6 43.Rd5+ Kf4 44.Rxa5 h5 45.Ra8 Rd6+ 46.Ke2 Rc6 47.Ra2 h4 48.b4 h3
49.g3+ Ke5 50.Ra5+ Ke6 51.Rc5 Ra6 52.Ke3 Ra3+ 53.Kf4 Rf3+ 54.Kg4 Rf2 55.b5 Kd6
56.Rc3 e3 57.b6 e2 58.b7 e1=Q 59.b8=Q+ Ke7 60.Rc7+  1-0

[Event "EU-chT (Men)"]
[Site "Pula"]
[Date "1997.??.??"]
[Round "7"]
[White "Rogic, Davor"]
[Black "Morrison, Chris"]
[Result "1-0"]
[WhiteElo "2455"]
[BlackElo "2215"]

1.e4 d6 2.d4 Nf6 3.Nc3 e5 4.Nf3 Nbd7 5.Bc4 Be7 6.O-O O-O 7.a4 c6 8.Ba2 b6
9.Re1 a6 10.h3 Bb7 11.Be3 b5 12.dxe5 dxe5 13.Nd2 Bc5 14.Qf3 Bxe3 15.Qxe3 Re8
16.Nb3 Qe7 17.Na5 Rab8 18.Nxb7 Rxb7 19.axb5 axb5 20.Ne2 Qc5 21.Ng3 Qxe3 22.Rxe3 g6
23.Rc3 Kf8 24.Rd1 Ra8 25.Bb3 c5 26.Bd5 Nxd5 27.Rxd5 Ra2 28.b3 b4 29.Rcd3 Ke7
30.Rd2 f6 31.Nf1 Ra1 32.f3 Rc7 33.Kf2 Nb6 34.Rd6 Rd7 35.Rxd7+ Nxd7 36.Ne3 Nb6
37.Ke2 Ra2 38.h4 Ra1 39.Nd5+ Nxd5 40.Rxd5 Rg1 41.Kf2 Rc1 42.Rxc5 Kd6 43.Rc4 h5
44.Ke3 Rg1 45.Rxb4 Rxg2 46.Rb6+ Ke7 47.c4 g5 48.hxg5 fxg5 49.b4 h4 50.b5 g4
51.fxg4 Rg3+ 52.Kd2 Rxg4 53.Rh6 Rxe4 54.Kc3 Rd4 55.b6 Rd6 56.Rh7+ Kd8 57.Rh8+  1-0

[Event "Pula op"]
[Site "Pula"]
[Date "1997.??.??"]
[Round "7"]
[White "Nikolov, Sasho"]
[Black "Denoth, Mario"]
[Result "1-0"]
[WhiteElo "2370"]
[BlackElo "2240"]

1.d4 d6 2.e4 Nf6 3.Nc3 e5 4.Nf3 Nbd7 5.Bc4 Be7 6.O-O O-O 7.Re1 c6 8.a4 b6
9.Bg5 a6 10.Qd2 Qc7 11.Rad1 b5 12.Ba2 Re8 13.Bh4 h6 14.Bg3 Bb7 15.h3 Bf8
16.Nh4 b4 17.Nb1 exd4 18.f3 c5 19.c3 dxc3 20.bxc3 Qb6 21.Qb2 a5 22.Nf5 c4+
23.Bf2 Qc6 24.Nd4 Qxa4 25.Bxc4 bxc3 26.Qe2 c2 27.Nxc2 Rec8 28.Nba3 Qc6 29.Nd4 Qc7
30.Ba2 Ba6 31.Ndb5 Qd8 32.Qd2 Ne5 33.f4 Ng6 34.Qe3 Qd7 35.Nd4 Qe8 36.Nf5 Bb7
37.e5 dxe5 38.fxe5 Bc5 39.Qg3 Bxf2+ 40.Kxf2 Ne4+ 41.Rxe4 Bxe4 42.Qxg6 Bxf5
43.Qxf5 Rc5 44.Bd5 Rac8 45.Qe4 Qe7 46.Nc4 Qa7 47.Kg3 Qe7 48.Nd6 Rf8 49.Rf1 Qg5+
50.Kh2 Rc3 51.Nxf7 Qg3+ 52.Kh1 Rxf7 53.Bxf7+  1-0

[Event "Recklinghausen"]
[Site "Recklinghausen"]
[Date "1997.??.??"]
[Round "7"]
[White "Galdunts, Sergey"]
[Black "Maiwald, Jens Uwe"]
[Result "0-1"]
[WhiteElo "2435"]
[BlackElo "2450"]

1.e4 d6 2.d4 Nf6 3.Nc3 e5 4.Nf3 Nbd7 5.g3 Be7 6.Bg2 O-O 7.O-O a6 8.a4 b6
9.h3 Bb7 10.Re1 c6 11.Nh2 b5 12.Ng4 Nxg4 13.hxg4 Nb6 14.d5 b4 15.dxc6 Bxc6
16.Nd5 a5 17.b3 Nxd5 18.exd5 Bd7 19.Be4 f5 20.gxf5 Bxf5 21.Qd3 Qd7 22.c4 bxc3
23.Qxc3 Bxe4 24.Rxe4 Qf5 25.Re2 Rac8 26.Qxa5 Qf3 27.Qa6 Rc3 28.Rb2 Rd3 29.Be3 Rf5
30.Rc1 Rh5 31.Rc8+ Kf7 32.Rf8+ Bxf8  0-1

[Event "Rome-ch"]
[Site "Rome"]
[Date "1997.??.??"]
[Round "4"]
[White "Nurkic, Sahbaz"]
[Black "Sibilio, Mario"]
[Result "1-0"]
[WhiteElo "2395"]
[BlackElo "2320"]

1.e4 d6 2.d4 Nf6 3.Nc3 c6 4.f4 Qa5 5.e5 Ne4 6.Qf3 d5 7.Bd3 Na6 8.Ne2 Nb4
9.O-O Nxd3 10.cxd3 Nxc3 11.bxc3 g6 12.a4 h5 13.Ba3 Bf5 14.Rfc1 Qa6 15.c4 Rd8
16.Qe3 Be6 17.cxd5 Bxd5 18.Nc3 e6 19.Bxf8 Kxf8 20.Ne4 Qa5 21.Nd6 Qc7 22.Qg3 Qe7
23.a5 h4 24.Qg4 Rh5 25.Rcb1 Rxd6 26.exd6 Qxd6 27.h3 Qe7 28.Qe2 Rf5 29.Qe3 Qc7
30.Rf1 Kg7 31.Qd2 b6 32.axb6 Qxb6 33.Qc3 Qb8 34.Qd2 Qb6 35.Qe3 a5 36.Kh2 Qa7
37.Qe1 g5 38.fxg5 Rxg5 39.Rf2 Qxd4 40.Rxa5 e5 41.Qd2 Rg6 42.Ra8 Qb6 43.Re8 Qc7
44.Qb4 e4+ 45.Kg1 c5 46.Qc3+ f6 47.dxe4 Qd7 48.Rb8 Qd6 49.Rc8 Bxe4  1-0

[Event "Rotherham Carlton Park"]
[Site "Rotherham"]
[Date "1997.??.??"]
[Round "8"]
[White "Bryson, Douglas M"]
[Black "Shaw, John"]
[Result "0-1"]
[WhiteElo "2385"]
[BlackElo "2345"]

1.e4 d6 2.d4 Nf6 3.Nc3 e5 4.Nf3 Nbd7 5.Bc4 Be7 6.O-O O-O 7.a4 c6 8.Ba2 b6
9.Qe2 a6 10.Rd1 Qc7 11.b4 exd4 12.Nxd4 Ne5 13.Ba3 b5 14.h3 Ng6 15.Qe3 Re8
16.Qg3 Bf8 17.Re1 Bb7 18.Rad1 Rad8 19.Bc1 c5 20.bxc5 b4 21.Nd5 Nxd5 22.Bxd5 Bxd5
23.exd5 Qxc5 24.Nc6 Qxc2 25.Nxd8 Rxd8 26.Qd3 Qxa4 27.Bg5 Ra8 28.Ra1 Qd7 29.Rxa6 Rxa6
30.Qxa6 Qf5 31.Bd2 b3 32.Qc4 b2 33.Qb3 Ne5 34.Bc3 Nd3 35.Qc2 Qxd5 36.Bxb2 Nf4
37.f3 Ne6 38.Rd1 Qb5 39.Ba3 Qa6 40.Qb3 g6 41.Kh1 Nf4 42.Qe3 Qc4 43.Rd4 Qf1+  0-1

[Event "Salsomaggiore op"]
[Site "Salsomaggiore"]
[Date "1997.??.??"]
[Round "2"]
[White "Salami, Marco"]
[Black "Caposciutti, Maurizio"]
[Result "0-1"]
[WhiteElo "2220"]
[BlackElo "2300"]

1.e4 d6 2.d4 Nf6 3.Nc3 c6 4.Be2 Nbd7 5.Nf3 e5 6.O-O Be7 7.h3 O-O 8.Be3 b5
9.a3 Bb7 10.Bg5 a6 11.Bh4 Re8 12.Bg3 Bf8 13.dxe5 dxe5 14.Nh4 c5 15.Re1 g6
16.Bg4 Qc7 17.Bxd7 Nxd7 18.Qg4 Nb6 19.Rad1 Rad8 20.f4 b4 21.Nd5 Nxd5 22.exd5 Bxd5
23.fxe5 Be6 24.Qe2 bxa3 25.bxa3 c4 26.Nf3 Bxa3 27.Ng5 Rxd1 28.Rxd1 Rd8 29.Rxd8+ Qxd8
30.Nxe6 Qb6+ 31.Kh2 Qxe6 32.Bh4 Bd6 33.Bf6 Qxf6 34.exd6 Qxd6+ 35.Kh1 Qd5
36.Qe1 h5 37.Qc3 Qe4 38.Kg1 a5 39.Qxa5 Qxc2 40.Qd8+ Kg7 41.Qd4+ Kh7 42.Qd5 Qc1+
43.Kf2 Qf4+ 44.Ke2 h4 45.Kd1 Kg7 46.Kc2 Qf5+ 47.Qxf5 gxf5 48.Kc3 Kf6 49.Kxc4 Ke5
50.Kd3 Kf4 51.Ke2 Kg3 52.Kf1 f4 53.Kg1 f3 54.gxf3 Kxf3  0-1

[Event "Texas-ch"]
[Site "San Antonio"]
[Date "1997.??.??"]
[Round "4"]
[White "Dejmek, Mark"]
[Black "Ardaman, Miles"]
[Result "0-1"]
[WhiteElo "2202"]
[BlackElo "2430"]

1.e4 d6 2.d4 Nf6 3.Nc3 c6 4.f4 Qa5 5.e5 Ne4 6.Qf3 Nxc3 7.Bd2 Na6 8.Bxc3 Qb6
9.f5 Nb4 10.Bd3 e6 11.g4 dxe5 12.dxe5 h5 13.gxh5 Nxd3+ 14.Qxd3 exf5 15.Ne2 Rxh5
16.O-O-O Rh4 17.Nd4 Re4 18.Rhe1 Rxe1 19.Rxe1 Qa6 20.Qxa6 bxa6 21.Nxc6 Bb7
22.Nd4 Be4 23.e6 Bd6 24.h3 Rd8 25.Nb3 fxe6 26.Bxg7 a5 27.Bc3 a4 28.Nd4 Kf7
29.Rg1 Bf4+ 30.Kb1 e5 31.Nb5 Kf6 32.Na3 Rh8 33.b3 Rxh3 34.Kb2 axb3 35.axb3 Rh1
36.Rxh1 Bxh1 37.Nc4 Bd5 38.Nd6 Ke6 39.Nb5 Be3 40.Bb4 Bc6 41.Nc7+ Kf6 42.c4 f4
43.Kc2 e4 44.Bd6 f3 45.Kd1 Bd4 46.b4 e3 47.b5 e2+ 48.Kd2 Bc3+  0-1

[Event "Santa Flavia op"]
[Site "Santa Flavia"]
[Date "1997.??.??"]
[Round "?"]
[White "Povah, Nigel E"]
[Black "Gueci, Riccardo"]
[Result "1-0"]
[WhiteElo "2370"]
[BlackElo "2135"]

1.d4 d6 2.e4 Nf6 3.Nc3 Nbd7 4.Be3 e5 5.f3 c6 6.Bc4 b5 7.Bb3 a6 8.a4 b4 9.Nce2 a5
10.g4 Be7 11.Ng3 exd4 12.Bxd4 Ne5 13.g5 Nfd7 14.f4 Ng6 15.Qh5 Nc5 16.Bxc5 dxc5
17.Nf3 O-O 18.f5 Nf4 19.Qg4 Qc7 20.O-O-O Ng2 21.Qh5 Nf4 22.Qg4 Ng2 23.Nh5 Ne3
24.Qg1 Nxd1 25.g6 Bf6 26.Nxf6+ Kh8 27.gxf7 Qf4+ 28.Nd2 Bxf5 29.exf5 gxf6
30.Qxd1 Rad8 31.Rg1 h6 32.Rg8+ Kh7 33.Rxf8 Rxf8 34.Qg1 Qg5 35.Qxg5 fxg5 36.Ne4 Kg7
37.Nxc5 Rxf7 38.Bxf7 Kxf7 39.Nb7 h5 40.Kd2 g4 41.Ke3 h4 42.Kf4 g3 43.hxg3 h3
44.Kf3  1-0

[Event "Copa Itau Mercosul"]
[Site "Sao Paulo"]
[Date "1997.??.??"]
[Round "4"]
[White "Nogueira, Ivan K"]
[Black "Dianda, Joao Carlos"]
[Result "1-0"]
[WhiteElo "2280"]
[BlackElo "2110"]

1.d4 Nf6 2.Nc3 d6 3.e4 c6 4.f4 Qa5 5.Qd2 e5 6.Rb1 Be7 7.Nf3 Nbd7 8.b4 Qc7
9.Bd3 O-O 10.O-O Re8 11.Bb2 exd4 12.Nxd4 Nf8 13.Kh1 a6 14.Rbe1 c5 15.Nf3 c4
16.e5 dxe5 17.fxe5 Rd8 18.exf6 Bxf6 19.Bxh7+ Nxh7 20.Nd5 Rxd5 21.Qxd5 Bxb2
22.Re8+ Nf8 23.Ng5 Bf6 24.Re4 Be6 25.Nxe6 Nxe6 26.Rxc4 Qb6 27.c3 Rd8 28.Qf5 Qb5
29.Qg4 Bxc3 30.a4 Qe5 31.Qf3 Qf6 32.Rxc3 Qxf3 33.Rcxf3 f6 34.Re3 Ng5 35.Re7 b5
36.a5 Rd4 37.Ra7 Rxb4 38.Rxa6 Ra4 39.h3 Ne4 40.Rc1 Kh7 41.Ra7 Kh6 42.a6 f5
43.Rc6+ g6 44.Rf7 f4 45.a7 Ng3+ 46.Kh2 Nf1+ 47.Kg1 Ng3 48.Kf2 Ne4+ 49.Ke2 Ra3
50.Re7 Ng3+ 51.Kd2 Nf5 52.Rd7 Kg5 53.Rc8 Kh4  1-0

[Event "Schwaebisch Gmuend op"]
[Site "Schwaebisch Gmuend"]
[Date "1997.??.??"]
[Round "7"]
[White "Oparaugo, Thomas"]
[Black "Pribyl, Martin"]
[Result "1/2-1/2"]
[WhiteElo "2125"]
[BlackElo "2320"]

1.e4 d6 2.d4 Nf6 3.Nc3 c6 4.f4 Qa5 5.e5 Ne4 6.Qf3 Nxc3 7.Bd2 Bf5 8.Bd3 e6
9.Bxc3 Qd5 10.Bxf5 exf5 11.Qxd5 cxd5 12.O-O-O Nc6 13.Nf3 Be7 14.Rhg1 h5 15.Rge1 Kd7
16.Re2 h4 17.Be1 h3 18.g3 Rag8 19.Bd2 Bd8 20.c3 Re8 21.Rde1 g6 22.Rg1 a6
23.g4 fxg4 24.Rxg4 Rh5 25.Kd1 Reh8 26.e6+ Ke7 27.Ng5 f5 28.Rg3 Bc7 29.Nf7 Rg8
30.Ng5 Rgh8 31.Nf7 Rg8 32.Ng5 Rgh8 33.Nf7  1/2-1/2

[Event "RUS-ch Armed Forces"]
[Site "Sevastopol"]
[Date "1997.??.??"]
[Round "4"]
[White "Yagupov, Igor"]
[Black "Komliakov, Viktor"]
[Result "1/2-1/2"]
[WhiteElo "2420"]
[BlackElo "2460"]

1.e4 d6 2.d4 Nf6 3.Nc3 e5 4.Nf3 Nbd7 5.Bc4 Be7 6.O-O c6 7.a4 h6 8.Re1 a5
9.h3 Nh7 10.Ne2 Ng5 11.Ng3 g6 12.c3 Kf8 13.Ba2 Kg7 14.Be3 Nxf3+ 15.Qxf3 Bf6
16.Nf1 Qe7 17.Nd2 Bg5 18.Nc4 Bxe3 19.Rxe3 Nf6 20.dxe5 dxe5 21.Nb6 Ra6 22.Nxc8 Rxc8
23.Rd1 Raa8 24.Red3 Rd8 25.g3 Rxd3 26.Qxd3 Qc5 27.Kg2 Re8 28.Kf3 Qb6 29.Qc4 Re7  1/2-1/2

[Event "Seversk"]
[Site "Seversk"]
[Date "1997.??.??"]
[Round "7"]
[White "Loskutov, Oleg"]
[Black "Komliakov, Viktor"]
[Result "0-1"]
[WhiteElo "2400"]
[BlackElo "2460"]

1.e4 d6 2.d4 Nf6 3.Nc3 e5 4.Nf3 Nbd7 5.Bc4 Be7 6.O-O c6 7.a4 h6 8.a5 O-O
9.Re1 Rb8 10.d5 cxd5 11.exd5 Ra8 12.b4 Ne8 13.Bb3 f5 14.Na4 Kh7 15.c4 Bf6
16.c5 e4 17.Nd4 Ne5 18.Nb2 Nc7 19.c6 bxc6 20.dxc6 Rb8 21.Ra4 Qe8 22.Be3 Ng4
23.Bf4 Be5 24.Qd2 g5 25.Bxe5 Qxe5 26.Nf3 Qf6 27.Nd4 d5 28.f3 Ne5 29.fxe4 fxe4
30.b5 Nxb5 31.Bxd5 Nc3 32.Nb3 Nxd5 33.Raxe4 Rxb3 34.Rxe5 Ne3 35.R5xe3 Rxb2
36.Qd3+ Bf5 37.Qa6 Qd4 38.c7 Be4  0-1

[Event "Seversk"]
[Site "Seversk"]
[Date "1997.??.??"]
[Round "9"]
[White "Ibragimov, Alibek"]
[Black "Komliakov, Viktor"]
[Result "0-1"]
[WhiteElo "2250"]
[BlackElo "2460"]

1.e4 d6 2.d4 Nf6 3.Nc3 e5 4.Nf3 Nbd7 5.Bc4 Be7 6.O-O c6 7.a4 a5 8.Re1 h6
9.b3 O-O 10.Ba3 Re8 11.Qd2 Nb6 12.Bf1 Bg4 13.dxe5 dxe5 14.Qe3 Bxa3 15.Rxa3 Nfd7
16.h3 Bxf3 17.Qxf3 Nc5 18.Raa1 Ne6 19.Ne2 Qe7 20.Qe3 Qc5 21.Qxc5 Nxc5 22.Ng3 g6
23.Red1 Rad8 24.Be2 h5 25.h4 Ne6 26.c3 Kf8 27.Rxd8 Rxd8 28.Rd1 Ra8 29.f3 Ke7
30.Kf2 Nc5 31.Nf1 Nc8 32.Rb1 Nd6 33.Ne3 Rd8 34.Bd1 b5 35.Bc2 bxa4 36.bxa4 Kd7
37.Ke2 Kc7 38.g3 Rf8 39.g4 hxg4 40.Nxg4 f6 41.Ne3 Rh8 42.Rg1 Ne6 43.Kd2 Nf4
44.Rg4 Kb6 45.Kc1 Kc5 46.Ng2 f5 47.Rg5 Nxg2 48.Rxg2 Rxh4 49.Rxg6 fxe4 50.fxe4 Nxe4
51.Re6 Nxc3 52.Rxe5+ Kb6 53.Re6 Rd4 54.Bg6 Rxa4 55.Be8 Rc4 56.Kb2 Nb5 57.Rh6 a4
58.Bd7 a3+ 59.Ka2 Rc2+ 60.Kb1 Nd4 61.Be6 Rb2+ 62.Kc1 Re2  0-1

[Event "Pools schev"]
[Site "Singapore"]
[Date "1997.??.??"]
[Round "9"]
[White "Mohd, S AR."]
[Black "Wong Meng Kong"]
[Result "0-1"]
[WhiteElo "2255"]
[BlackElo "2415"]

1.e4 d6 2.d4 Nf6 3.Nc3 c6 4.Nf3 Bg4 5.Be2 e6 6.h3 Bh5 7.g4 Bg6 8.Bd3 Be7
9.Bf4 d5 10.e5 Ne4 11.Qe2 Nxc3 12.bxc3 c5 13.Rb1 Qd7 14.h4 c4 15.Bxg6 hxg6
16.Kf1 Nc6 17.Kg2 O-O-O 18.h5 gxh5 19.Rxh5 Rxh5 20.gxh5 Rh8 21.Ng5 Nd8 22.Qg4 Qe8
23.Nf3 Qg8 24.Bg5 f6 25.Bf4 Qh7 26.Rh1 Kd7 27.Rh3 Nf7 28.Qg6 Qxg6+ 29.hxg6 Rxh3
30.Kxh3 Nh8 31.exf6 Bxf6 32.Kg4 Nxg6 33.Bb8 a6 34.Kh5 Ne7 35.Bf4 Ke8 36.Bd6 Nf5
37.Bf4 Kf7 38.Kg4 b5 39.Bc7 Ne7 40.Kf4 Nc6 41.Be5 b4  0-1

[Event "Sochi"]
[Site "Sochi"]
[Date "1997.??.??"]
[Round "?"]
[White "Yurtaev, Leonid"]
[Black "Vorotnikov, Vladislav V"]
[Result "1-0"]
[WhiteElo "2495"]
[BlackElo "2495"]

1.e4 d6 2.d4 Nf6 3.Nc3 e5 4.Nf3 exd4 5.Nxd4 g6 6.h4 Bg7 7.Be2 Nc6 8.Be3 Ne5
9.h5 Nfg4 10.h6 Bf8 11.Qd2 Nxe3 12.Qxe3 g5 13.O-O-O c6 14.Nf5 Be7 15.Ng7+ Kd7
16.Rd4 Kc7 17.Kb1 Bf6 18.Rd2 Qe7 19.g3 g4 20.Nh5 Bg5 21.Nf4 Be6 22.Qd4 Ng6
23.Rd3 Bxf4 24.gxf4 Nxf4 25.Nb5+ cxb5 26.Rc3+ Bc4 27.Bxc4 bxc4 28.Rxc4+ Kd7
29.e5 Ne6 30.Qxg4 Rhc8 31.Rd1 Rxc4 32.Qxc4 d5 33.Qxd5+ Ke8 34.Qb5+ Kf8 35.Rg1 Rd8
36.a3 Qh4 37.Qxb7 Qxf2 38.Qb4+ Qc5 39.Qg4 Qxe5 40.Qg2 Ke7 41.Rf1 f5 42.Qf2 Kf6
43.Qxa7 Qe2 44.Qg1 Rd2 45.Re1 Qc4 46.Rxe6+  1-0

[Event "St Heliers op"]
[Site "St Heliers"]
[Date "1997.??.??"]
[Round "1"]
[White "Benson, Paul J"]
[Black "Hodgson, Julian M"]
[Result "0-1"]
[WhiteElo "2010"]
[BlackElo "2560"]

1.d4 d6 2.e4 Nf6 3.Nc3 c6 4.f4 Qa5 5.Bd3 d5 6.Bd2 dxe4 7.Nxe4 Qd5 8.Qe2 Nxe4
9.Qxe4 Qxe4+ 10.Bxe4 Nd7 11.Nf3 Nf6 12.Bd3 g6 13.O-O Bf5 14.Ne5 Bxd3 15.Nxd3 Rd8
16.f5 Ne4 17.Be3 Bg7 18.c3 Rd5 19.fxg6 hxg6 20.Rae1 f5 21.Bf4 O-O 22.g4 c5
23.gxf5 gxf5 24.Nxc5 Nxc5 25.dxc5 e5 26.Bg5 Rf7 27.h4 Rxc5 28.Rd1 Kh7 29.Kf2 Rc4
30.Rd5 Kg6 31.Rg1 Kh5 32.Rd6 Bf8 33.Re6 e4 34.Ke2 Rc6 35.Rxc6 bxc6 36.Rf1 Bd6
37.Ke3 Bg3 38.Rh1 Rd7 39.Ke2 f4  0-1

[Event "White Nights op"]
[Site "St Petersburg"]
[Date "1997.??.??"]
[Round "?"]
[White "Shaposhnikov, Evgeny"]
[Black "Stotika, V."]
[Result "1-0"]
[WhiteElo "2370"]
[BlackElo "2255"]

1.e4 c6 2.d4 d6 3.Nc3 Nf6 4.g3 g6 5.Bg2 Bg7 6.Nge2 O-O 7.O-O e5 8.a4 Qc7
9.h3 Re8 10.Bg5 Nbd7 11.Qd2 a6 12.Rfe1 Rb8 13.a5 b5 14.axb6 Nxb6 15.b3 Bb7
16.dxe5 dxe5 17.Na4 Nxa4 18.Rxa4 c5 19.Nc3 Rbd8 20.Nd5 Bxd5 21.exd5 Rd6 22.Qa5 Qc8
23.Rc4 Nxd5 24.Rxc5 Qf5 25.Qd2 e4 26.Rxe4 Rxe4 27.Bxe4 Bc3 28.Qxc3  1-0

[Event "White Nights op"]
[Site "St Petersburg"]
[Date "1997.??.??"]
[Round "?"]
[White "Stotika, V."]
[Black "Ignatiev, Felix N"]
[Result "0-1"]
[WhiteElo "2255"]
[BlackElo "2355"]

1.d4 Nf6 2.Nc3 d6 3.e4 Nbd7 4.Nf3 e5 5.Bc4 Nb6 6.dxe5 Nxc4 7.exf6 Qxf6 8.Nd5 Qd8
9.Qd4 Nb6 10.Bg5 Qd7 11.O-O c5 12.Qc3 Nxd5 13.exd5 f6 14.Rfe1+ Be7 15.Bxf6 gxf6
16.Qxf6 Rf8 17.Qg7 Rf7 18.Qg8+ Rf8 19.Qxh7 Rf7 20.Qh8+ Rf8 21.Qh5+ Kd8 22.Qh6 Qf5
23.b4 Rg8 24.Qe3 Bf6 25.bxc5 dxc5 26.Rad1 Bd7 27.c4 b6 28.Kf1 Qg4 29.g3 Qxc4+
30.Kg1 Qg4 31.Ne5 Bxe5 32.Qxe5 Kc8 33.Qd6 Rg6 34.Qe7 Kc7 35.d6+ Kc6 36.Qf7 Re6
37.Kg2 Rh8 38.h4 Rhh6 39.Rxe6 Rxe6 40.Rd2 Qe4+ 41.Kh2 c4  0-1

[Event "Bodensee-Cup"]
[Site "Steckborn"]
[Date "1997.??.??"]
[Round "2"]
[White "Deglmann, Ludwig"]
[Black "Werner, Isabel"]
[Result "1/2-1/2"]
[WhiteElo "2245"]
[BlackElo "2215"]

1.d4 d6 2.e4 Nf6 3.Nc3 c6 4.Nf3 Bg4 5.Be2 Nbd7 6.a4 a5 7.Be3 e5 8.h3 Bh5
9.dxe5 dxe5 10.Nd2 Bg6 11.h4 h6 12.h5 Bh7 13.Bc4 Bc5 14.Qf3 Qe7 15.g4 Bxe3
16.Qxe3 Nxg4 17.Qg3 f5 18.O-O-O O-O-O 19.Rhe1 Ngf6 20.exf5 Bxf5 21.Qe3 Rhe8
22.Nb3 Qb4 23.Be2 Bg4 24.Bxg4 Nxg4 25.Qa7 Qb6 26.Qxb6 Nxb6 27.Rg1 Rxd1+ 28.Nxd1 Nf6
29.Rxg7 Nxa4 30.Nxa5 Nc5 31.b4 Ncd7 32.Nc4 Kc7 33.Rg6 Nxh5 34.Rxh6 Nf4 35.Nc3 Re6
36.Rh7 Nd5 37.Ne4 Re7 38.Rxe7 Nxe7 39.Kd2  1/2-1/2

[Event "Sutton op"]
[Site "Sutton"]
[Date "1997.??.??"]
[Round "?"]
[White "Wall, Tim"]
[Black "Willmoth, Robert"]
[Result "1-0"]
[WhiteElo "2305"]
[BlackElo "2180"]

1.e4 d6 2.d4 Nf6 3.Nc3 e5 4.Nge2 Nbd7 5.f3 c6 6.g4 exd4 7.Qxd4 Ne5 8.Bg2 h5
9.g5 Bh3 10.Qf2 Bxg2 11.Qxg2 Nfd7 12.f4 Ng6 13.Be3 Qa5 14.O-O-O O-O-O 15.Nd4 Ne7
16.Nb3 Qc7 17.Kb1 b6 18.Rd2 Kb7 19.Rhd1 Nc8 20.a4 a6 21.a5 b5 22.e5 Be7 23.Nd4 Nb8
24.e6 f6 25.Nf5 fxg5 26.fxg5 g6 27.Nh6 Rhf8 28.Nf7 Rde8 29.Qe4 Qxa5 30.Qxg6 h4
31.Ne4 d5 32.Nc5+ Ka8 33.Nd7 Rg8 34.Qf5 Nd6 35.Nxd6 Bxd6 36.Rxd5 Bxh2 37.Nb6+ Kb7
38.Qf7+ Bc7 39.Qxc7+  1-0

[Event "SVK-chT3a 9697"]
[Site "?"]
[Date "1997.??.??"]
[Round "4"]
[White "Kundrik, Peter"]
[Black "Kovacocy, Pavol"]
[Result "1-0"]
[WhiteElo "2120"]
[BlackElo "2230"]

1.d4 d6 2.e4 Nf6 3.Nc3 c6 4.a4 Qa5 5.Bd2 e5 6.Bd3 exd4 7.Nb5 Qd8 8.Nxd4 Nbd7
9.Nge2 Nc5 10.Ng3 Nxd3+ 11.cxd3 g6 12.a5 Bg7 13.O-O O-O 14.Bc3 a6 15.Nb3 Re8
16.Re1 h5 17.h3 Be6 18.Nd4 Bc8 19.Nf3 Be6 20.Bd4 Nd7 21.Bxg7 Kxg7 22.Qd2 Ne5
23.Nd4 d5 24.f4 Qh4 25.Nge2 Nd7 26.f5 Ne5 27.fxe6 c5 28.exf7 Re7 29.Nb3 Rxf7
30.Rf1 Raf8 31.Rxf7+ Rxf7 32.Rf1 Rxf1+ 33.Kxf1 dxe4 34.dxe4 Qxe4 35.Nxc5 Qb1+
36.Qc1 Qf5+ 37.Kg1 Nf7 38.Qc3+ Kh7 39.Nxb7 Qb5 40.Qc7 Kg8  1-0

[Event "SVK-chT 9697"]
[Site "SVK"]
[Date "1997.??.??"]
[Round "3"]
[White "Frindt, Kornel"]
[Black "Goban, Marek"]
[Result "0-1"]
[WhiteElo "2165"]
[BlackElo "2200"]

1.e4 d6 2.d4 Nf6 3.Nc3 c6 4.Be2 Qa5 5.Qd3 Nbd7 6.Nf3 e5 7.O-O Qc7 8.Nh4 b5
9.a3 Bb7 10.Be3 a6 11.b3 exd4 12.Bxd4 c5 13.Bxf6 Nxf6 14.Nf5 g6 15.Nxb5 axb5
16.Qc3 Be7 17.Bxb5+ Kf8 18.Ng3 Rg8 19.Rfe1 Ng4 20.Rad1 Qa5 21.Qd3 Ne5 22.Qe2 Nc6
23.Bc4 Ba6 24.Bxa6 Rxa6 25.b4 cxb4 26.axb4 Nxb4 27.e5 dxe5 28.Qd2 Kg7 29.h4 Rd8
30.Qc3 Rxd1 31.Rxd1 Rc6 32.Qf3 f5 33.h5 Rxc2 34.Nxf5+ gxf5  0-1

[Event "SVK-chT 9697"]
[Site "SVK"]
[Date "1997.??.??"]
[Round "5"]
[White "Siroky, Jan"]
[Black "Goban, Marek"]
[Result "1/2-1/2"]
[WhiteElo "2175"]
[BlackElo "2200"]

1.e4 d6 2.d4 Nf6 3.Nc3 c6 4.f4 Qa5 5.Bd2 Qb6 6.Nf3 Bg4 7.Bc1 Qa5 8.Bd3 Nbd7
9.Be3 e6 10.O-O d5 11.e5 Ng8 12.h3 Bxf3 13.Qxf3 g6 14.a3 Ne7 15.b4 Qc7 16.Ne2 Nf5
17.c4 Nxe3 18.Qxe3 dxc4 19.Bxc4 Nb6 20.Rfc1 a6 21.Rc2 h5 22.Ng3 Be7 23.Ne4 Rd8
24.Rd1 Nxc4 25.Rxc4 Qb6 26.Kh2 Rd5 27.Rc5 Rd8 28.Rc4 Rd5  1/2-1/2

[Event "SVK-chT 9697"]
[Site "SVK"]
[Date "1997.??.??"]
[Round "6"]
[White "Demeter, Peter"]
[Black "Briestensky, Rastislav"]
[Result "0-1"]
[WhiteElo "2265"]
[BlackElo "2240"]

1.e4 d6 2.d4 Nf6 3.Nc3 c6 4.Nf3 Bg4 5.Be2 Qa5 6.h3 Bxf3 7.Bxf3 e5 8.O-O Nbd7
9.Be3 g6 10.Qd2 Bg7 11.dxe5 dxe5 12.Nd5 Qxd2 13.Nxf6+ Bxf6 14.Bxd2 h5 15.Be3 Bd8
16.Rfe1 Bb6 17.h4 Bxe3 18.Rxe3 Ke7 19.Rd1 Nc5 20.b4 Ne6 21.c3 Rhd8 22.Red3 Rxd3
23.Rxd3 a5 24.a3 axb4 25.cxb4 Nd4 26.Bd1 b6 27.f4 c5 28.bxc5 bxc5 29.fxe5 Ke6
30.Rc3 Ra5 31.Kf2 Kxe5 32.Ke3 f5 33.Bf3 c4 34.exf5 Nxf5+ 35.Kd2 Kd4 36.Bc6 Nd6
37.a4 Ra6 38.Bb5 Nxb5 39.axb5 Ra2+ 40.Rc2 Rxc2+ 41.Kxc2 Kc5  0-1

[Event "SVK-chT 9697"]
[Site "SVK"]
[Date "1997.??.??"]
[Round "7"]
[White "Hyll, Jan"]
[Black "Goban, Marek"]
[Result "1/2-1/2"]
[WhiteElo "2075"]
[BlackElo "2200"]

1.e4 d6 2.d4 Nf6 3.Nc3 c6 4.h3 Qa5 5.Bd3 e5 6.Nf3 Be7 7.O-O O-O 8.Ne2 Re8
9.c3 Nbd7 10.Ng3 Nf8 11.Nh2 Ng6 12.f4 exf4 13.Bxf4 Nxf4 14.Rxf4 Qg5 15.Qf3 Be6
16.Rf1 g6 17.c4 d5 18.cxd5 cxd5 19.e5 Nh5 20.Nxh5 Qxh5 21.Qxh5 gxh5 22.Be2 Bg5
23.R4f3 h4 24.Rb3 Rab8 25.Nf3 Bd8 26.Ba6 Bb6 27.Bd3 h6 28.Rd1 Rec8 29.Kf2 Bd8
30.Ke3 Be7 31.Kd2 Bd7 32.Bb5 Bf5 33.Bd3 Bd7 34.Bb5 Bf5 35.Bd3 Bd7 36.Bb5  1/2-1/2

[Event "SVK-chT2 9697"]
[Site "SVK"]
[Date "1997.??.??"]
[Round "7"]
[White "Bisco, Igor"]
[Black "Pekar, Karol"]
[Result "0-1"]
[WhiteElo "2135"]
[BlackElo "2140"]

1.e4 d6 2.d4 Nf6 3.Nc3 c6 4.Nf3 Qa5 5.Bd3 e5 6.O-O Be7 7.Qe2 Bg4 8.Be3 Nbd7
9.h3 Bh5 10.Rfd1 O-O 11.Nb1 d5 12.Bd2 Bxf3 13.gxf3 Qc7 14.c3 Rfe8 15.Be3 Bd6
16.Nd2 Nh5 17.f4 exf4 18.e5 g6 19.Qf3 fxe3 20.exd6 exf2+ 21.Kxf2 Qxd6 22.Rg1 Qf4
23.Rad1 Ndf6 24.Qxf4 Nxf4 25.Bf1 Ne4+ 26.Kf3 Nh5 27.Bd3 f5 28.Nf1 Kf7 29.Ne3 b5
30.Rg2 Re7 31.Rc1 Rae8 32.Nf1 Kf6 33.a4 Ng5+ 34.Rxg5 Kxg5 35.axb5 cxb5 36.Bxb5 Rb8
37.Bd3 Rxb2 38.Ne3 Rd7 39.Rg1+ Kf6 40.c4 Rb3 41.Rd1 dxc4 42.Bxc4 Ra3 43.Kf2 Nf4
44.h4 Nh3+  0-1